| 000 | 00509nam a22001817a 4500 | ||
|---|---|---|---|
| 999 |
_c525912 _d525912 |
||
| 003 | NUST | ||
| 020 | _qHB/K | ||
| 038 | _aFaiza | ||
| 082 |
_a891.423092 _bSAL |
||
| 100 |
_aSaleem, Ahmad _915395 |
||
| 245 |
_aMera Dil Pash Pash / _cAhmad Saleem |
||
| 260 |
_aLahore : _bPunjabi Markaz, _c2014. |
||
| 300 | _a128 p. ; | ||
| 880 |
_6100-01\r _aاحمد سلیم |
||
| 880 |
_6245-02\r _aمیرا دل پاش پاش / |
||
| 880 |
_6260-03\r _aلاہور : _bپنجابی مرکز, _c۲۰۱۴. |
||
| 942 |
_2ddc _cBK |
||